000 00786nam a2200241 i 4500
001 C2-0239770
003 PPAK
005 20180727202602.0
008 020630s my a|||| ||||| | may d
020 _a983932246X
040 _aPPAK
_beng
_cPPAK
_erda
082 0 4 _a499.23
_223
090 0 0 _a499.23
_bAHM
_dK
100 0 _aAhmad Shukri Ariffin Ifam,
_eauthor
245 1 0 _aKoleksi 100 pelengkap penjodoh bilangan
264 1 _aSri Kembangan, Selangor :
_bMines Publishing Sdn. Bhd. ,
_c[date of publication not identified]
300 _a57 pages :
_billustrations ;
_c22 cm
336 _2rdacontent
_atext
337 _2rdamedia
_aunmediated
338 _2rdacarrier
_avolume
650 1 0 _aMalay language - Collection nouns ; Malay language - Terms and phrases
942 _ddc
_cB
999 _c55033
_d55033